| 000 | 00440nam a22001577a 4500 | ||
|---|---|---|---|
| 020 | _a978-1-407163-87-1 | ||
| 082 |
_a823 _bDEA/V |
||
| 100 | _aDEARY, TERRY | ||
| 245 | _aHORRIBLE HISTORIES: VILE VICTORIANS | ||
| 246 |
_aHORRIBLE HISTORIES: VILE VICTORIANS _bHORRIBLE HISTORIES: VILE VICTORIANS |
||
| 260 |
_aU K _bSCHOLASTIC _c2016 |
||
| 300 | _a140 | ||
| 520 | _aVICTORIAN AGE | ||
| 650 | _aENGLISH STORY RELATED TO HISTORY | ||
| 942 | _cBK | ||
| 999 |
_c8774 _d8774 |
||